Sensors : (Record no. 12287)
[ view plain ]
| 000 -LEADER | |
|---|---|
| fixed length control field | 01276nam a22002895a 4500 |
| 001 - CONTROL NUMBER | |
| control field | 15308329 |
| 005 - DATE AND TIME OF LATEST TRANSACTION | |
| control field | 20080528154617.0 |
| 008 - FIXED-LENGTH DATA ELEMENTS--GENERAL INFORMATION | |
| fixed length control field | 080528s2014 nyu 000 0 eng |
| 010 ## - LIBRARY OF CONGRESS CONTROL NUMBER | |
| LC control number | 2008929912 |
| 020 ## - INTERNATIONAL STANDARD BOOK NUMBER | |
| International Standard Book Number | 9783540690306 (hardcover) |
| 020 ## - INTERNATIONAL STANDARD BOOK NUMBER | |
| International Standard Book Number | 9783540690337 (ebook : alk. paper) |
| 040 ## - CATALOGING SOURCE | |
| Original cataloging agency | DLC |
| Transcribing agency | DLC |
| 082 ## - DEWEY DECIMAL CLASSIFICATION NUMBER | |
| Classification number | 681.2 |
| Item number | SEN |
| 245 00 - TITLE STATEMENT | |
| Title | Sensors : |
| Remainder of title | Advancements in modeling, design issues, fabrication and practical applications / |
| Statement of responsibility, etc | [edited by] S. C. Mukhopadhyay, R. Y. M. Huang. |
| 260 ## - PUBLICATION, DISTRIBUTION, ETC. (IMPRINT) | |
| Place of publication, distribution, etc | New York : |
| Name of publisher, distributor, etc | Springer, |
| Date of publication, distribution, etc | c2008. |
| 300 ## - PHYSICAL DESCRIPTION | |
| Extent | xx, 424 p.: |
| Other physical details | ill. charts.; |
| Dimensions | 24 cm. |
| 490 0# - Series Statement | |
| Series statement | Lecture notes electrical engineering ; |
| Volume/sequential designation | 21 |
| 504 ## - BIBLIOGRAPHY, ETC. NOTE | |
| Bibliography, etc | Includes bibliographical references and index. |
| 650 #0 - SUBJECT ADDED ENTRY--TOPICAL TERM | |
| Topical term or geographic name as entry element | Detectors |
| General subdivision | Design and construction. |
| 9 (RLIN) | 7840 |
| 650 #0 - SUBJECT ADDED ENTRY--TOPICAL TERM | |
| Topical term or geographic name as entry element | Detectors |
| General subdivision | Design and construction |
| -- | Simulation methods. |
| 9 (RLIN) | 7841 |
| 650 #0 - SUBJECT ADDED ENTRY--TOPICAL TERM | |
| Topical term or geographic name as entry element | Detectors |
| General subdivision | Mathematical models. |
| 9 (RLIN) | 7842 |
| 700 1# - ADDED ENTRY--PERSONAL NAME | |
| Personal name | Mukhopadhyay, S. C. |
| Fuller form of name | (Subhas Chandra) |
| 9 (RLIN) | 7843 |
| 700 1# - ADDED ENTRY--PERSONAL NAME | |
| Personal name | Huang, R. Y. M. |
| Fuller form of name | (Ray Yeuh-Min) |
| 9 (RLIN) | 7844 |
| 942 ## - ADDED ENTRY ELEMENTS (KOHA) | |
| Source of classification or shelving scheme | Dewey Decimal Classification |
| Item type | Book - Borrowing |
| Withdrawn status | Item status | Source of classification or shelving scheme | Damaged status | Not for loan | Vendor | Home library | Current library | Shelving location | Date acquired | Source of acquisition | Cost, normal purchase price | Serial Enumeration / chronology | Total Checkouts | Total Renewals | Full call number | Barcode | Date last seen | Date last borrowed | Koha item type |
|---|---|---|---|---|---|---|---|---|---|---|---|---|---|---|---|---|---|---|---|
| Dewey Decimal Classification | Alahram | Central Library | Central Library | First floor | 09/07/2009 | 799.00 | 363 | 1 | 6 | 681.2 SEN | 000017459 | 15/07/2025 | 23/05/2012 | Book - Borrowing |